Solar System, most common celestial bodies - Statistics

General Stats
  • This quiz has been taken 16 times
  • The average score is 19 of 37
Answer Stats
Answer % Correct
Earth
100%
Jupiter
93%
Mars
93%
Neptune
93%
Saturn
93%
The Sun
93%
Uranus
93%
Venus
93%
Mercury
87%
Pluto
87%
The Moon
87%
Europa
73%
Titan
67%
Ceres
60%
Eris
60%
Ganymede
60%
Io
60%
Makemake
60%
Haumea
53%
Callisto
47%
Phobos
47%
Triton
47%
Titania
33%
Umbriel
33%
Ariel
27%
Oberon
27%
Sedna
27%
Dione
20%
Mimas
20%
Rhea
20%
Tethys
13%
Miranda
7%
Proteus
7%
Diemos
0%
Encledus
0%
Lapetus
0%
Planet Nine
0%
No matching quizzes found
Score Distribution
Percent of People with Each Score
Percentile by Number Answered
Your Score History
You have not taken this quiz